| 000 | 00876cam a22002773a 4500 | ||
|---|---|---|---|
| 001 | 26343 | ||
| 003 | PGUSA | ||
| 005 | 20140828083552.0 | ||
| 008 | 080818s2008||||xxu|||||s|||||000 1 eng d | ||
| 040 |
_aPGUSA _beng |
||
| 042 | _adc | ||
| 050 | 4 | _aPT | |
| 100 | 1 |
_aDahn, Felix, _d1834-1912 |
|
| 245 | 1 | 0 |
_aTaistelu Roomasta II : _bHistoriallinen romaani _h[electronic resource] / _cFelix Dahn |
| 260 |
_bProject Gutenberg, _c2008 |
||
| 506 | _aPublic domain in the USA. | ||
| 516 | _aElectronic text | ||
| 653 | _aRome -- History -- Empire, 284-476 -- Fiction | ||
| 653 | _aByzantine Empire -- Fiction | ||
| 653 | _aRome -- History -- Germanic Invasions, 3rd-6th centuries -- Fiction | ||
| 700 | 1 | _aTukiainen, Werneri | |
| 740 | 0 | _aEin Kampf um Rom. Finnish | |
| 830 | 0 |
_aProject Gutenberg _v26343 |
|
| 856 | 4 | 0 | _uhttp://www.gutenberg.org/ebooks/26343 |
| 942 | _cEB | ||
| 999 |
_c255598 _d255598 |
||